Актуальные проблемы уголовного процесса (Запись № 13678038)
[ простой вид ]
| 000 -МАРКЕР | |
|---|---|
| контрольное поле | 02533nam0a2200409 4500 |
| 001 - ИДЕНТИФИКАТОР ЗАПИСИ | |
| контрольное поле | RU\NLR\BIBL_A\022585214 |
| 005 - ИДЕНТИФИКАТОР ВЕРСИИ | |
| контрольное поле | 20260420050826.0 |
| 010 ## - МЕЖДУНАРОДНЫЙ СТАНДАРТНЫЙ НОМЕР КНИГИ (ISBN) | |
| Номер (ISBN) | 978-5-7899-1584-4 |
| Тираж | 200 |
| 021 ## - НОМЕР ГОСУДАРСТВЕННОЙ РЕГИСТРАЦИИ | |
| Код страны | Российская Федерация |
| Номер | КН-П-25-029941 |
| Номер Листа государственной регистраци | КН-П-25-2956 |
| 035 ## - ДРУГИЕ СИСТЕМНЫЕ НОМЕРА | |
| Идентификатор записи | (NLR Aleph) 022585214 |
| 100 ## - ДАННЫЕ ОБЩЕЙ ОБРАБОТКИ | |
| Данные общей обработки | 20250715d2025 u y0rusy50 ca |
| 101 0# - ЯЗЫК РЕСУРСА | |
| Язык текста, звукозаписи и т.д. | русский |
| 102 ## - СТРАНА ПУБЛИКАЦИИ ИЛИ ПРОИЗВОДСТВА | |
| Страна публикации | Российская Федерация |
| 105 ## - ПОЛЕ КОДИРОВАННЫХ ДАННЫХ: ТЕКСТОВЫЕ МАТЕРИАЛЫ, МОНОГРАФИЧЕСКИЕ | |
| Кодированные данные о монографическом текстовом документе | y|||j|||000yy |
| 181 #0 - ПОЛЕ КОДИРОВАННЫХ ДАННЫХ: ВИД СОДЕРЖАНИЯ | |
| Код вида содержания (ISBD) | i4 |
| Код характеристики содержания (ISBD) | axxe |
| 182 #0 - ПОЛЕ КОДИРОВАННЫХ ДАННЫХ: ТИП СРЕДСТВА | |
| Код типа средства (ISBD) | n - непосредственное |
| 200 1# - ЗАГЛАВИЕ И СВЕДЕНИЯ ОБ ОТВЕТСТВЕННОСТИ | |
| Основное заглавие | Актуальные проблемы уголовного процесса |
| Сведения, относящиеся к заглавию | учебник |
| -- | для курсантов, слушателей и адъюнктов образовательных организаций системы МВД России |
| Первые сведения об ответственности | М. С. Колосович, Э. Ф. Лугинец, Л. В. Попова [и др.] |
| Последующие сведения об ответственности | под редакцией Г. Х. Шаутаевой, М. С. Колосович |
| -- | Министерство внутренних дел Российской Федерации, Волгоградская академия |
| 203 ## - ВИД СОДЕРЖАНИЯ И ТИП СРЕДСТВА | |
| Вид содержания | Текст |
| Дополнительные сведения об издании | визуальный |
| Тип средства | непосредственный |
| 210 ## - ПУБЛИКАЦИЯ, РАСПРОСТРАНЕНИЕ И ДР. | |
| Место издания, распространения и т.д. | Волгоград |
| Имя издателя, распространителя и т. д. | ВА МВД России |
| Дата издания, распространения и т.д. | 2025 |
| 215 ## - ФИЗИЧЕСКАЯ ХАРАКТЕРИСТИКА | |
| Специфическое обозначение материала и объем | 190 с. |
| Размеры | 21 |
| 300 ## - ОБЩИЕ ПРИМЕЧАНИЯ | |
| Текст примечания | На 3-й с. авт.: Колосович М. С., д-р юрид. наук, проф., Лугинец Э. Ф., Попова Л. В., кандидаты юрид. наук, доценты |
| 300 ## - ОБЩИЕ ПРИМЕЧАНИЯ | |
| Текст примечания | Авт. указаны на обороте тит. с. в макете |
| 300 ## - ОБЩИЕ ПРИМЕЧАНИЯ | |
| Текст примечания | На обл.: Победа! 80 |
| 320 ## - ПРИМЕЧАНИЯ О НАЛИЧИИ В ДОКУМЕНТЕ БИБЛИОГРАФИИ / УКАЗАТЕЛЯ | |
| Текст примечания | Библиогр.: с. 177-188 (107 назв.) |
| 606 1# - НАИМЕНОВАНИЕ ТЕМЫ КАК ПРЕДМЕТ | |
| Наименование темы | Уголовный процесс |
| Формальный подзаголовок | Учебники для высших учебных заведений |
| Географический подзаголовок | Российская Федерация |
| Системный номер авторитетной/нормативной записи | 2078728 |
| Идентификатор авторитетной/нормативной записи | RU\NLR\AUTH\661254592 |
| 686 1# - ИНДЕКСЫ ДРУГИХ КЛАССИФИКАЦИЙ | |
| Индекс | Х629.3я73 |
| 701 #1 - ИМЯ ЛИЦА - АЛЬТЕРНАТИВНАЯ ОТВЕТСТВЕННОСТЬ | |
| Начальный элемент ввода | Колосович |
| Часть имени, кроме начального элемента ввода | М. С. |
| Расширение инициалов личного имени | Марина Сергеевна |
| 701 #1 - ИМЯ ЛИЦА - АЛЬТЕРНАТИВНАЯ ОТВЕТСТВЕННОСТЬ | |
| Начальный элемент ввода | Лугинец |
| Часть имени, кроме начального элемента ввода | Э. Ф. |
| Расширение инициалов личного имени | Эльвира Фаильевна |
| 701 #1 - ИМЯ ЛИЦА - АЛЬТЕРНАТИВНАЯ ОТВЕТСТВЕННОСТЬ | |
| Графика поля | Кириллица |
| Материалы, к которым относится поле | rus |
| Начальный элемент ввода | Попова |
| Часть имени, кроме начального элемента ввода | Л. В. |
| Дополнения к именам, кроме дат | канд. юрид. наук, экономические преступления |
| Расширение инициалов личного имени | Людмила Владимировна |
| Системный номер авторитетной/нормативной записи | 232944 |
| Идентификатор авторитетной/нормативной записи | RU\NLR\AUTH\770233000 |
| 702 #1 - ИМЯ ЛИЦА - ВТОРИЧНАЯ ОТВЕТСТВЕННОСТЬ | |
| Начальный элемент ввода | Шаутаева |
| Часть имени, кроме начального элемента ввода | Г. Х. |
| Расширение инициалов личного имени | Гульнара Хасановна |
| Код отношения | Редактор |
| 712 02 - НАИМЕНОВАНИЕ ОРГАНИЗАЦИИ - ВТОРИЧНАЯ ОТВЕТСТВЕННОСТЬ | |
| Код отношения | Издающая организация |
| Начальный элемент ввода | Волгоградская академия МВД России |
| Системный номер авторитетной/нормативной записи | 562583 |
| Идентификатор авторитетной/нормативной записи | RU\NLR\AUTH\8810031999 |
| 942 ## - ДОПОЛНИТЕЛЬНЫЕ ЭЛЕМЕНТЫ ЗАПИСИ (АБИС) | |
| Тип экземпляра АБИС | Книга |
| 980 ## - КОЛЛЕКЦИЯ | |
| Название коллекции | Национальная библиография |
Нет доступных экземпляров.